| 000 | 01099naa a22003017a 4500 | ||
|---|---|---|---|
| 001 | BR6002546 | ||
| 003 | BR-BrBNA | ||
| 005 | 20240918172849.0 | ||
| 007 | ta | ||
| 008 | 230509b bl.||||| |||| 00| 0 por d | ||
| 040 |
_aBR-BrBNA _bpor _cBiblioteca Nacional de Agricultura |
||
| 041 | _a(Pt) | ||
| 072 |
_aF60 _b1440 _b3575 |
||
| 090 | _aF60 BR6002546 | ||
| 100 | 1 | _aVechi, C. | |
| 100 | 1 | _aAndreus, C.H. | |
| 111 | 1 |
_a3. Seminario Brasileiro de Sementes _cRecife, PE (Brazil) _d14 Sep 1970 |
|
| 245 | 1 | _aEfeitos fisiologicos de diferentes niveis de deterioracao em sementes de cowpea (Vigna sinensis L. Savi) | |
| 260 | 3 |
_aRio de Janeiro, GB (Brasil): _c1972. |
|
| 500 | _aAnais do 3. Seminario Brasileiro de Sementes Rio de Janeiro, GB (Brasil): 1972. p. 367-368 (BR6002546-AM)F60 | ||
| 650 | _aFISIOLOGIA VEGETAL | ||
| 650 | _aFEIJAO DE CORDA | ||
| 650 | _aSEMENTE | ||
| 650 | _aDETERIORACAO | ||
| 773 | 0 |
_tAnais do 3. Seminario Brasileiro de Sementes _wF60 BR6002546 _gRio de Janeiro, GB (Brasil), 1972. p. 367-368 |
|
| 909 |
_a202404 _bLucia _c55 _dLucia Elande |
||
| 942 |
_cAM _2AGRIS |
||
| 999 |
_c301798 _d301798 |
||